Ew's 1000 New Classics (TV) Quiz Stats

 Plays Quiz not verified by Sporcle

Challenge
Share
Tweet
Embed
Score 0/99 Timer 20:00
0 Plays Today
Channel Show % Correct
FoxThe Simpsons
91.6%
NBCFriends
85.7%
HBOThe Sopranos
85.5%
NBCSeinfeld
81.3%
Comedy CentralSouth Park
71.7%
FoxFamily Guy
71.5%
ABCLost
71.2%
CBSCSI
70.6%
NBCER
68.1%
BBC2The Office (UK)
66.6%
NBCThe Office (US)
66.6%
Comedy CentralThe Daily Show
61.5%
HBOSex and the City
61.4%
FoxAmerican Idol
61.2%
CBSSurvivor
60.3%
NBCLaw & Order
60%
MTVThe Real World
58.4%
NBCFrasier
55.7%
The WB, UPNBuffy the Vampire Slayer
55.3%
Fox24
53.6%
NBC30 Rock
52.8%
FoxArrested Development
51.2%
Comedy CentralThe Colbert Report
48.7%
HBOThe Wire
48.5%
AMCMad Men
47.6%
HBOSix Feet Under
46.8%
NBCThe Cosby Show
46.7%
FoxThe X-Files
46.6%
FoxHouse
46.5%
CBSEverybody Loves Raymond
46.3%
ABCDesperate Housewives
46.2%
ABCGrey's Anatomy
46.2%
The WB, The CWGilmore Girls
40.7%
Channel Show % Correct
FoxBeverly Hills, 90210
40.6%
Bravo, LifetimeProject Runway
38.8%
FoxKing of the Hill
38.8%
HBOCurb Your Enthusiasm
37.9%
HBODeadwood
36.8%
NBCWill & Grace
36.7%
NBCFreaks and Geeks
36.1%
Sci-FiBattlestar Galactica
35.9%
NBCThe West Wing
35.1%
ABCRoseanne
34.8%
FoxMarried...With Children
34.2%
FXThe Shield
34.1%
MTVBeavis and Butt-Head
33.2%
NickelodeonSpongebob Squarepants
33.1%
NBCThe Tonight Show with Jay Leno
32.4%
The WBDawson's Creek
32.4%
CBSThe Amazing Race
31.4%
SyndicatedThe Oprah Winfrey Show
30.7%
FoxMelrose Place
30.1%
MTVThe Hills
28.8%
NBCThe Golden Girls
25.1%
CBSLate Show with David Letterman
24.8%
FoxAlly McBeal
24.7%
FoxMalcolm in the Middle
23.5%
ABCMy So-Called Life
23.4%
HBOOz
23.2%
NBCL.A. Law
22.3%
ABCTwin Peaks
22.1%
SyndicationStar Trek: The Next Generation
21.7%
NBCLate Night with Conan O'Brien
21.3%
HBOThe Larry Sanders Show
20.2%
NBC, SyndicatedBaywatch
20.2%
SyndicatedJeopardy!
20%
Channel Show % Correct
ABCThe Bachelor
18.9%
NBCSaved by the Bell
18.2%
CBSMurphy Brown
18%
Comedy CentralChappelle's Show
17.9%
The WBFelicity
16%
BravoQueer Eye for the Straight Guy
15.1%
Comedy Central, Sci-FiMystery Science Theater 3000
14.6%
NBCFriday Night Lights
14.6%
FoxParty of Five
14.1%
NBCHomicide: Life on the Streets
12.9%
Discovery ChannelPlanet Earth
12.8%
ABCthirtysomething
12.5%
FoxIn Living Color
11.8%
NBCMiami Vice
11.4%
SyndicatedXena: Warrior princess
11.1%
ABCMoonlighting
11%
MTVJackass
10.9%
NBCNewsRadio
9.8%
CBSNorthern Exposure
8.6%
CBSDesigning Women
8.2%
BBC2, BBC1Absolutely Fabulous
8.1%
HBOThe Comeback
7.4%
MTVThe Osbournes
7.2%
HBOMr. Show
6.9%
PBSThe Civil War
5.6%
ABCMacGyver
5.1%
HBO, CBSThe Kids in the Hall
4.4%
FoxThe Ben Stiller Show
4.4%
CBSWiseguy
4.2%
ITVPrime Suspect
4.2%
SyndicatedThe Arsenio Hall Show
4%
NBCI'll Fly Away
3.2%
CBSPee-Wee's Playhouse
2.8%

You're not logged in!

Compare scores with friends on all Sporcle quizzes.
OR
Log In

You Might Also Like...

Show Comments

Extras

Top Quizzes Today


Score Distribution

Your Account Isn't Verified!

In order to create a playlist on Sporcle, you need to verify the email address you used during registration. Go to your Sporcle Settings to finish the process.

Report this User

Report this user for behavior that violates our Community Guidelines.

Details: